Debr's Psychology : (Record no. 1632)

MARC details
000 -LEADER
Fixed length control field 00518nam a2200181Ia 4500
003 - CONTROL NUMBER IDENTIFIER
Control field IIN
005 - DATE AND TIME OF LATEST TRANSACTION
Control field 20240205154637.0
008 - FIXED-LENGTH DATA ELEMENTS--GENERAL INFORMATION
Fixed length control field 231217s9999 xx 000 0 und d
020 ## - INTERNATIONAL STANDARD BOOK NUMBER / ISBN
International Standard Book Number 9789386006998 (pbk)
040 ## - CATALOGING SOURCE
Original cataloging agency IIN
Language of cataloging English
082 ## - DEWEY DECIMAL CLASSIFICATION NUMBER
Classification number 150.2461073
Book Number RAJ
100 1# - MAIN ENTRY--PERSONAL NAME
Personal name Raj , D. Elakkuvannan Bhaskara
245 1# - TITLE STATEMENT
Title Debr's Psychology :
Sub title for Nurses B.Sc Nursing /
Statement of responsibility D. Elakkuvannan Bhaskara Raj
260 ## - IMPRINT
Place of publication Bangalore :
Name of publisher EMMESS,
Date of publication 2019
300 ## - PHYSICAL DESCRIPTION
Page / Vol. No x, 284p.
650 1# - SUBJECT ADDED ENTRY--TOPICAL TERM
Topical term Psychology
Form subdivision Nursing
942 ## - ADDED ENTRY ELEMENTS (KOHA)
Koha item type Books
Holdings
Withdrawn status Lost status Damaged status Not for loan Collection code Home library Current library Date acquired Total Checkouts Call number Accession number Date last seen Price effective from Koha item type
          IDEAL INSTITUTE OF NURSING IDEAL INSTITUTE OF NURSING 17/12/2023   150.2461073/RAJ D6 17/12/2023 17/12/2023 Books
© Ideal Institute Of Nursing, All rights reserved.         Powered by Koha